000 00624nam a2200217Ii 4500
001 358
003 CO-ViMGA
008 241108s9999||||xx |||||||||||||| ||und||
020 _a9684111835
040 _aCO-ViMGA
_bspa
_erda
_cCO-ViMGA
041 0 _aspa
082 0 4 _a200.9 E43t
100 1 _aMircea Eliade
_950700
245 1 0 _aTratado de historia de las religiones
264 1 _a[Lugar de publicación no identificado] : Era, 2003
300 _avolumen
336 _atext
_btxt
_2rdacontent
337 _aunmediated
_bn
_2rdamedia
338 _avolume
_bnc
_2rdacarrier
940 _aidficha_siabuc: 347. -- ficha_no_siabuc:358
999 _c45385
_d45385